Building research establishment current paper : admixtures for concrete (Record no. 81260)

MARC details
000 -LEADER
fixed length control field 00962nam a22002657a 4500
003 - CONTROL NUMBER IDENTIFIER
control field CBULib
005 - DATE AND TIME OF LATEST TRANSACTION
control field 20240813074152.0
008 - FIXED-LENGTH DATA ELEMENTS--GENERAL INFORMATION
fixed length control field 230817b |||||||| |||| 00| 0 eng d
040 ## - CATALOGING SOURCE
Original cataloging agency CBULib
Language of cataloging English
Transcribing agency CBULib
Description conventions rda
041 ## - LANGUAGE CODE
Language code of text/sound track or separate title eng
050 ## - LIBRARY OF CONGRESS CALL NUMBER
Classification number BRE(05)CP/3/74
100 ## - MAIN ENTRY--PERSONAL NAME
9 (RLIN) 594
Personal name Fletcher, K E
110 ## - MAIN ENTRY--CORPORATE NAME
Corporate name or jurisdiction name as entry element Building Research Establishment (BRE)
9 (RLIN) 590
245 ## - TITLE STATEMENT
Title Building research establishment current paper : admixtures for concrete
Statement of responsibility, etc / by Building Research Establishment(BRE)
260 ## - PUBLICATION, DISTRIBUTION, ETC. (IMPRINT)
Place of publication, distribution, etc Watford :
Name of publisher, distributor, etc Building Research Establishment,
Date of publication, distribution, etc 1973
300 ## - PHYSICAL DESCRIPTION
Extent 5 pages : illustrations
336 ## - CONTENT TYPE
Source rdacontent
Content type term Text |
Content type code txt
337 ## - MEDIA TYPE
Source rdamedia
Media type term Unmediated |
Media type code n
338 ## - CARRIER TYPE
Source rdacarrier
Carrier type term Volume
Carrier type code nc
500 ## - GENERAL NOTE
General note Published in : Civil Engineering and Public Works Review, Vol 68 No 806, September 1973, pp 793-794
504 ## - BIBLIOGRAPHY, ETC. NOTE
Bibliography, etc Includes references
650 #0 - SUBJECT ADDED ENTRY--TOPICAL TERM
9 (RLIN) 595
Topical term or geographic name as entry element CONCRETE--ADDITIVES
650 #0 - SUBJECT ADDED ENTRY--TOPICAL TERM
9 (RLIN) 596
Topical term or geographic name as entry element CEMENT--ADDITIVES
942 ## - ADDED ENTRY ELEMENTS (KOHA)
Source of classification or shelving scheme
Koha item type INTERNATIONAL PUBLICATIONS
Holdings
Withdrawn status Lost status Source of classification or shelving scheme Damaged status Not for loan Collection code Permanent Location Current Location Shelving location Date acquired Source of acquisition Full call number Barcode Date last seen Copy number Price effective from Koha item type
          Special Collections CBU-MAIN LIBRARY, KITWE. CBU-MAIN LIBRARY, KITWE. Special Collections 08/17/2023 DEP-BRE BRE(05)CP/3/74 B81260 08/17/2023 1 08/17/2023 INTERNATIONAL PUBLICATIONS